000 00494nam a2200157 i 4500
001 bgj
100 1 _aLAFLIN, Vance.
245 1 0 _aSomething to Crow About :
_ba concise collection of American English idioms for everyday use /
_c[Vance Laflin].
260 _aWashington, D.C. :
_bUnited States Information Agency,
_c1993.
300 _aV, 94 pp ;
_c23 cm.
650 9 _aEnglish language
_xIdioms
040 _cBPK
041 _aeng
942 _cKS
008 s uk f |000 0 eng
999 _c47453
_d47453
856 _uhttp://koha.tu.koszalin.pl/cgi-bin/koha/opac-detail.pl?biblionumber=47453
_yKatalog online BPK